Vista normal Vista MARC

Entrada Materia (tema)

Número de registros utilizados en: 2

001 - CONTROL NUMBER

  • control field: 41801

003 - CONTROL NUMBER IDENTIFIER

  • control field: Co-BoUCM

005 - DATE AND TIME OF LATEST TRANSACTION

  • control field: 20130730151719.0

008 - FIXED-LENGTH DATA ELEMENTS

  • fixed length control field: 130730|| aca||aabn | a|a d

040 ## - CATALOGING SOURCE

  • Original cataloging agency: Co-BoUCM
  • Transcribing agency: Co-BoUCM

150 ## - HEADING--TOPICAL TERM

  • Topical term or geographic name as entry element: Nationalism
  • Geographic subdivision: Turkey
  • General subdivision: History
  • Chronological subdivision: 20th century.

670 ## - SOURCE DATA FOUND

  • Source citation: Work cat.: (Co-BoUCM)171274: Kösebalaban, Hasan 41798, Turkish foreign policy, 2011